Расчётная модель для математического описания распределения температуры в обмотке электрического аппарата; Современные техника и технологии; Т. 1.

Dettagli Bibliografici
Parent link:Современные техника и технологии=Modern Technique and Technologies: IX Международная научно-практическая конференция студентов, аспирантов и молодых ученых, г. Томск, 7-11 апреля 2003 г./ Томский политехнический университет; oтв. ред. А. С. Заворин.— , 2003-
Т. 1..— 2003.— С. 14-15
Autore principale: Юхно В. Е.
Altri autori: Логинов В. С.
Lingua:russo
Pubblicazione: 2003
Soggetti:
Natura: MixedMaterials Capitolo di libro
KOHA link:https://koha.lib.tpu.ru/cgi-bin/koha/opac-detail.pl?biblionumber=116561

MARC

LEADER 00000naa2a2200000 4500
001 116561
005 20231031123246.0
035 |a (RuTPU)RU\TPU\book\126146 
090 |a 116561 
100 |a 20070523d2003 k y0rusy50 ca 
101 0 |a rus 
102 |a RU 
200 1 |a Расчётная модель для математического описания распределения температуры в обмотке электрического аппарата  |f В. Е. Юхно, В. С. Логинов 
320 |a Библиогр.: 3 назв. 
461 1 |0 (RuTPU)RU\TPU\book\64647  |t Современные техника и технологии  |l Modern Technique and Technologies  |o IX Международная научно-практическая конференция студентов, аспирантов и молодых ученых, г. Томск, 7-11 апреля 2003 г.  |o труды: В 2 т.  |f Томский политехнический университет; oтв. ред. А. С. Заворин  |d 2003- 
463 1 |0 (RuTPU)RU\TPU\book\64489  |y 5-98298-037-4  |t Т. 1.  |v С. 14-15  |d 2003  |p 321 с. 
610 1 |a обмотки 
610 1 |a электрические машины 
610 1 |a расчётные модели 
610 1 |a математические модели 
610 1 |a температура 
610 1 |a распределение 
610 1 |a труды учёных ТПУ 
700 1 |a Юхно  |b В. Е. 
701 1 |a Логинов  |b В. С. 
801 1 |a RU  |b 63413507  |c 20070523  |g PSBO 
801 2 |a RU  |b 63413507  |c 20151221  |g RCR 
942 |c BK